000 00752nab a2200229u 4500
001 18275
003 HDC
007 c| |||a|c|aaaa
008 210225b20140829my ||||| |||| 00| 0 may d
040 _aHDC
245 0 _aKomitmen GLC perlu untuk bantu Bumiputera
336 _atext
_2rdacontent
337 _acomputer
_2rdamedia
338 _aonline resource
_2rdacarrier
650 _agovernment-linked companies (GLCs)
_917208
650 _aProgram Pembangunan Vendor (PPV)
_917209
710 _aBERITA HARIAN
856 _zRequest full-text at [email protected]
942 _2lcc
942 _cNEWS
942 _kNWSC 005054
999 _c15591
_d15591